Statystyki dla Imperium Inków

Kliknij tutaj aby rozwiązać quiz!

Ogólne statystyki

  • Ten quiz został rozwiązany 31 razy
  • Średni wynik to 11 z 19

Statystyki odpowiedzi

PytanieOdpowiedź% Poprawnych
Na jakim kontynencie leżało Imperium Inków?Ameryka Południowa
100%
Boliwia
96%
Chile
96%
Kolumbia
96%
Peru
96%
Ekwador
93%
Obecne państwa na których znajdowało się Imperium InkówArgentyna
89%
Jakie pasmo górskie zamieszkiwali Inkowie?Andy
82%
W którym wieku upadło Imperium Inków?XVI
79%
W którym wieku powstało Imperium Inków?XII
71%
Wełniane zwierzę będące podstawą gospodarki Imperium InkówLama / Alpaka
54%
Stolica Imperium Inków.Cuzco / Vilcabamba
43%
Najważniejsze warzywo w Imperium Inków.Ziemniak
39%
Czego synami byli nazywani władcy Imperium Inków?Słońca
36%
Język Imperium Inkaskiego.Keczua / Ajmara
25%
Co przedstawia flaga Imperium Inkaskiego?Tęczę
21%
Trójwymiarowa forma zapisu w Imperium Inków. Zwana pismem węzęłkowymKipu
14%
Pierwszy legendarny władca i założyciel Imperium InkówManco Capac
7%
Tradycyjny alkohol Inków wytwarzany z kukurydzy.Chicha
4%

Rozkład punktacji

Percentyl według liczby udzielonych odpowiedzi

Procent ludzi z każdym wynikiem

Twoja historia wyników

Nie rozwiązałeś tego quizu